| 000 | 00588nam a22001937a 4500 | ||
|---|---|---|---|
| 003 | BD-DhJNU | ||
| 005 | 20250716023814.0 | ||
| 008 | 250716b |||||||| |||| 00| 0 eng d | ||
| 020 | _a0706913493 | ||
| 040 |
_aBD-DhJNU _bENG _cBD-DhJNU _dBD-DhJNU |
||
| 082 |
_223 _a320.5322 |
||
| 100 | _aGupta, Bhabani Sen | ||
| 245 |
_aThe Afgan syndrome : _bhow to live with Soviet power / _cBhabani Sen Gupta |
||
| 260 |
_aIndia : _bVikas Publishing House Pvt Ltd, _c1982. |
||
| 300 |
_ax, 296 p. : _c22 cm. |
||
| 504 | _aincludes index | ||
| 650 | _aAfghanistan -- Soviet Union | ||
| 942 |
_2ddc _cBK _n0 |
||
| 999 |
_c1899 _d1899 |
||